Introducción a la historia del pensamiento económico (Registro nro. 3483)

Detalles MARC
000 -LEADER
fixed length control field 00837 a2200205 4500
001 - CONTROL NUMBER
control field 41378
005 - DATE AND TIME OF LATEST TRANSACTION
control field 20260407155708.0
008 - FIXED-LENGTH DATA ELEMENTS--GENERAL INFORMATION
fixed length control field 260407a1975 arg spa d
003 - CONTROL NUMBER IDENTIFIER
control field AR-UNSa-BCEJYS
040 ## - CATALOGING SOURCE
Original cataloging agency AR-UNSa-BCEJYS
Language of cataloging spa
Transcribing agency AR-UNSa-BCEJYS
080 ## - UNIVERSAL DECIMAL CLASSIFICATION NUMBER
Universal Decimal Classification number 330.8
Common auxiliary subdivision Historia de las teorías, Doctrinas, Dogmas económicos (pensamiento económico)
041 ## - LANGUAGE CODE
Language code of text/sound track or separate title spa
100 1# - MAIN ENTRY--PERSONAL NAME
Personal name Fernández López, Manuel
245 10 - TITLE STATEMENT
Title Introducción a la historia del pensamiento económico
264 #1 - PRODUCTION, PUBLICATION, DISTRIBUTION, MANUFACTURE, AND COPYRIGHT NOTICE
Place of production, publication, distribution, manufacture Buenos Aires :
Name of producer, publisher, distributor, manufacturer El Coloquio
Date of production, publication, distribution, manufacture, or copyright notice 1975
300 ## - PHYSICAL DESCRIPTION
Extent 139 p.
Dimensions 21 cm.
505 ## - FORMATTED CONTENTS NOTE
Formatted contents note 1. Las estructuras nacionales: su articulación y cambio - 2. El feudalismo - 3. El pensamiento económico medieval - 4. El capitalismo comercial - 5. El mercantilismo - 6. La fisiocracia - 7. Adam Smith
590 ## - LOCAL NOTE (RLIN)
Local note niveau_biblio:m niveau_hierar:0
942 ## - ADDED ENTRY ELEMENTS (KOHA)
Koha item type
Existencias
Withdrawn status Lost status Damaged status Not for loan Home library Current library Shelving location Date acquired Total checkouts Full call number Barcode Date last seen Price effective from Koha item type
        Biblioteca Prof. Eusebio Cleto del Rey Biblioteca Prof. Eusebio Cleto del Rey   07/04/2026   330.8 F362 L12314 07/04/2026 07/04/2026 Libro
        Biblioteca Prof. Eusebio Cleto del Rey Biblioteca Prof. Eusebio Cleto del Rey   07/04/2026   330.8 F362 L13281 07/04/2026 07/04/2026 Libro
        Biblioteca Prof. Eusebio Cleto del Rey Biblioteca Prof. Eusebio Cleto del Rey   07/04/2026   330.8 F362 L12315 07/04/2026 07/04/2026 Libro
        Biblioteca Prof. Eusebio Cleto del Rey Biblioteca Prof. Eusebio Cleto del Rey   07/04/2026   330.8 F362 L13282 07/04/2026 07/04/2026 Libro